| 000 | 00336nam a2200109Ia 4500 | ||
|---|---|---|---|
| 008 | 171211s9999 xx 000 0 und d | ||
| 245 | _a501 Must-Visit Destinations | ||
| 245 | _cDavid Brown, Jackum Brown, Kieran Fogarty, and Rebecca Walder | ||
| 260 | _c2006 | ||
| 650 | _xTRAVEL | ||
| 856 | _uhttp://down.ebook777.com/062/0753714167.pdf | ||
| 999 |
_c347735 _d347735 |
||